[Event "Lozovatsky Memorial-B 2020"]
[Site "Chelyabinsk"]
[Date "2020.01.17"]
[Round "3.7"]
[White "Mischuk, Dmitry"]
[Black "Nugumanov, Bakhtiyar"]
[Result "0-1"]
[WhiteElo "2358"]
[BlackElo "2389"]
[Annotator "TA"]
[PlyCount "52"]
[EventDate "2020.01.15"]
[EventType "tourn"]
[EventCountry "RUS"]
[SourceTitle "playchess.com"]
[Source "ChessBase"]
[SourceQuality "1"]

{[%evp 9,60,32,28,21,24,23,37,22,35,29,10,14,8,0,0,0,0,-9,-13,-14,-14,-43,-5,0,0,-76,-37,-53,-60,-93,-90,-189,-85,-302,-293,-293,-301,-400,-403,-396,-399,-433,-422,-451,-412,-543,-545,-811,-794,-1879,-1885,-1843,-1819]} 1. e4 e6 2. d4 d5 3. Bd3 c5 4. exd5 exd5 5. Nf3 Nc6 (5... Nf6 6. O-O c4 7. Re1+ Be7 8. Be2 O-O 9. b3 cxb3 10. axb3 Nc6 11. c3 Re8 12. Nbd2 Bd6 13. Bd3 Bg4 14. Rxe8+ Qxe8 {0-1 (52) Fontaine,R (2563)-Carlsen,M (2834) chess.com INT 2018}) 6. O-O {C01: French: Exchange Variation} cxd4 7. Re1+ Be7 $1 8. Bb5 {White is slightly better.} Nf6 9. Nxd4 Bd7 10. Nc3 O-O 11. Bg5 h6 12. Bh4 Rc8 13. Nxc6 $146 ({Predecessor:} 13. Nf3 Be6 {0-1 (42) Sarwat,W (2388)-Abdel Razik,K (2372) Windhoek 2007}) 13... bxc6 14. Bd3 Re8 15. Bg3 Qa5 16. a3 c5 17. Re5 (17. Be5 $11) 17... Bc6 18. Bf5 Rcd8 19. h3 Qb6 20. Rb1 {[#]} (20. b3 $17) 20... Qb7 (20... g6 $1 $19 {has better winning chances.} 21. Bd3 c4) 21. Qe2 $2 (21. Qd3 $17 {is a better defense.}) 21... Bd6 $19 22. Rxe8+ Rxe8 23. Qf1 Bxg3 24. fxg3 d4 25. Nd1 Qc7 26. Qf2 c4 {Played: Nf6-e4} 0-1

[Event "Lozovatsky Memorial-B 2020"]
[Site "Chelyabinsk"]
[Date "2020.01.17"]
[Round "3.8"]
[White "Scherbakov, Mikhail"]
[Black "Simantsev, Mikhail"]
[Result "0-1"]
[WhiteElo "2232"]
[BlackElo "2370"]
[Annotator "TA RC"]
[PlyCount "28"]
[EventDate "2020.01.15"]
[EventType "tourn"]
[EventCountry "RUS"]
[SourceTitle "playchess.com"]
[Source "ChessBase"]
[SourceQuality "1"]

{[%evp 13,52,-8,-9,-21,-13,-30,-28,-74,-74,-73,-73,-70,-71,-103,-101,-296,-180,-501,-493,-495,-479,-481,-465,-589,-573,-557,-577,-641,-635,-850,-856,-923,-912,-1079,-1058,-29987,-29988,-29988,-29989,-29981,-3354]} 1. e4 c5 2. Nf3 Nc6 3. Bb5 e6 4. Bxc6 bxc6 5. O-O Ne7 6. b3 Ng6 7. Bb2 f6 8. Re1 {B30: Sicilian: 2...Nc6 3 Bb5, lines without ...g6} Be7 9. d3 (9. e5 O-O 10. exf6 gxf6 11. Nc3 e5 12. Na4 Kh8 13. c3 d5 14. d3 Rg8 15. Bc1 Bg4 16. h3 Bxf3 17. Qxf3 Nh4 18. Qh5 Nxg2 {0-1 (18) Ghaem Maghami,E (2554)-Moiseenko,A (2711) Khanty-Mansiysk 2013}) 9... O-O 10. c4 {Black has an edge.} e5 11. Bc1 $146 ({Predecessor:} 11. Nc3 d6 12. h3 Nf4 13. Ne2 g5 14. Nxf4 gxf4 15. Nh4 Kh8 {0-1 (27) Sachs,J-Sarosi,Z (2305) Budapest 1990}) 11... d6 12. Nc3 f5 13. exf5 Bxf5 14. Ne4 $2 {[#]} (14. Nd2 $17 {keeps fighting.}) 14... d5 {Played: Bf5-g4} 0-1

[Event "Lozovatsky Memorial-B 2020"]
[Site "Chelyabinsk"]
[Date "2020.01.17"]
[Round "3.9"]
[White "Ansat, Aldiyar"]
[Black "Tologontegin, Semetey"]
[Result "0-1"]
[WhiteElo "2263"]
[BlackElo "2355"]
[Annotator "TA"]
[PlyCount "56"]
[EventDate "2020.01.15"]
[EventType "tourn"]
[EventCountry "RUS"]
[SourceTitle "playchess.com"]
[Source "ChessBase"]
[SourceQuality "1"]

{[%evp 15,72,41,34,27,41,32,30,31,46,37,67,62,35,-72,-75,-77,0,0,77,72,110,-108,-101,-100,-106,-125,-87,-187,-123,-125,-138,-123,-116,-172,-173,-227,-187,-29985,-29986,-29986,-29987,-29990,-29991,-29991,-29992,-29992,-29993,-29993,-29994,-29994,-29995,-29995,-29996,-29996,-29997,-29997,-29998,-29998,-29999]} 1. e4 c5 2. Nf3 Nc6 3. d4 cxd4 4. Nxd4 Qb6 5. Nb3 Nf6 6. Nc3 e6 7. Qe2 Bb4 8. Bd2 O-O 9. a3 {B33: Sicilian: Pelikan and Sveshnikov Variations} (9. O-O-O d5 10. exd5 exd5 11. Be3 Qc7 12. Nb5 Qd8 13. f3 a6 14. N5d4 Re8 15. Qf2 Ne5 16. Bd2 Bd6 17. Kb1 a5 18. Bb5 a4 {½-½ (76) Amonatov,F (2620)-Korobov,A (2692) Doha 2016}) 9... Be7 10. O-O-O d5 11. e5 {White has an edge.} Nd7 12. f4 Nc5 13. Nxc5 Qxc5 14. Qh5 {[#]} (14. Kb1 $14) 14... b5 $1 $17 {[%mdl 512]} 15. Bd3 {[%csl Gd3][%cal Rh5h7]} ({But not} 15. Bxb5 $2 d4 $17) (15. Nxb5 Ba6) 15... g6 (15... h6 $1 $17 16. Nxb5 Ba6) 16. Qh6 $11 b4 (16... Re8 $11) 17. Na4 $146 Qa5 18. b3 $2 (18. h4 $1 $16 {[%cal Rh4h5] is necessary to keep the advantage.} Qxa4 19. h5 bxa3 20. Bc3) 18... Ba6 $1 $17 {[%cal Ra6d3]} 19. f5 exf5 {And now ...Bxd3 would win.} 20. axb4 Bxb4 21. Bxa6 (21. Bxb4 $17 {was necessary.} Nxb4 22. Bxa6 Qxa6 23. Rd4) 21... Qxa6 (21... Ba3+ $1 $19 22. Kb1 Qxa6) 22. Bxb4 Nxb4 23. Rd4 {[#] Hoping for Rh4.} Rab8 $1 {...Rfc8! is the strong threat.} 24. Rh4 {[%csl Gh4][%cal Rh6h7]} Rfc8 $40 {[%mdl 128] White is in trouble.} 25. Qxh7+ Kf8 26. e6 $2 (26. Rh3 $19) 26... Rxc2+ {Black mates.} 27. Kb1 {[#]} Rb2+ $1 {[%mdl 576] Double Attack} 28. Kc1 {[#]} (28. Nxb2 Qa2+) 28... Nd3+ {Played: Rb2-b1} 0-1

[Event "Lozovatsky Memorial-B 2020"]
[Site "Chelyabinsk"]
[Date "2020.01.17"]
[Round "3.10"]
[White "Sitnikov, Anton"]
[Black "Tsvetkov, Pavel"]
[Result "1-0"]
[WhiteElo "2406"]
[BlackElo "2190"]
[Annotator "TA"]
[PlyCount "59"]
[EventDate "2020.01.15"]
[EventType "tourn"]
[EventCountry "RUS"]
[SourceTitle "playchess.com"]
[Source "ChessBase"]
[SourceQuality "1"]

{[%evp 9,59,0,6,-14,-12,-1,5,-50,37,20,35,35,39,-33,52,50,36,29,104,71,84,81,369,345,331,152,148,126,983,972,1089,764,3370,3362,2998,3046,29990,29991,29991,29992,29992,29993,29993,29992,29992,29991,29991,29992,29992,29992,29997,1764]} 1. e4 e5 2. Nf3 Nc6 3. c3 d5 4. Qa4 f6 5. d3 Be6 6. Be2 {C44: Ponziani Opening and Scotch Gambit} Nge7 7. O-O g5 8. b4 $146 (8. Be3 $11) ({Predecessor:} 8. Be3 Bg7 9. Nbd2 O-O 10. Rfe1 Qd7 11. Nf1 d4 12. cxd4 Nxd4 {½-½ (58) Neagu,L (2562)-Voiculescu,C (2547) ICCF email 2011}) 8... Ng6 ({Black should try} 8... a6 $1 $15) 9. exd5 $14 Qxd5 10. b5 Nce7 11. Nfd2 {[#]} (11. Rd1 $14) 11... Bg7 (11... Nf4 $1 $15 {[%mdl 512]} 12. Bf3 Qxd3 13. Bxb7 Rd8) 12. Bf3 Qxd3 13. Bxb7 Rb8 {[#]} (13... Rd8 $11 {keeps the balance.}) 14. b6+ $1 $16 Kf7 15. Be4 Qe2 $2 {[%mdl 8192]} (15... Qd7 $16 {was worth a try.} 16. Qxd7 Bxd7) 16. bxa7 $18 Ra8 17. Bxa8 (17. Na3 $18 {is more deadly.}) 17... Rxa8 $16 18. Qe4 Nf4 $2 {[%mdl 8192]} (18... Qxe4 $16 19. Nxe4 Bd5) 19. Qxa8 $18 c6 20. Qd8 Nxg2 21. a8=Q {[%csl Ga8][%cal Rd8e8]} Kg6 22. Qxe7 Bd5 23. Qae8+ {White mates.} Kh6 24. Q8d7 Kh5 25. Qxg7 {[%cal Rg7h7]} h6 26. Qe8+ Kg4 27. h3+ {[%mdl 64] Decoy} Kxh3 28. Qxh6+ Nh4 29. Qd7+ g4 {[#]} 30. Qxh4+ $1 {Accuracy: White = 56%, Black = 19%.} 1-0

[Event "Lozovatsky Memorial-B 2020"]
[Site "Chelyabinsk"]
[Date "2020.01.18"]
[Round "4.6"]
[White "Frolov, Artiom"]
[Black "Tsvetkov, Pavel"]
[Result "1/2-1/2"]
[WhiteElo "2336"]
[BlackElo "2190"]
[Annotator "ChessBase"]
[PlyCount "102"]
[EventDate "2020.01.15"]
[EventType "tourn"]
[EventCountry "RUS"]
[SourceTitle "playchess.com"]
[Source "ChessBase"]
[SourceQuality "1"]
[TimeControl "5400+30"]

1. Nf3 {[%emt 0:06:53]} Nf6 {[%emt 0:00:00]} 2. c4 {[%emt 0:00:51]} c5 {[%emt 0:00:00]} 3. Nc3 {[%emt 0:03:53]} Nc6 {[%emt 0:00:07]} 4. g3 {[%emt 0:01:43]} g6 {[%emt 0:00:04]} 5. Bg2 {[%emt 0:00:52]} Bg7 {[%emt 0:00:03]} 6. d4 {[%emt 0:02:55]} cxd4 {[%emt 0:00:12]} 7. Nxd4 {[%emt 0:00:15]} O-O {[%emt 0:00:04]} 8. O-O {[%emt 0:00:51]} d6 {[%emt 0:01:18]} 9. Nxc6 {[%emt 0:15:01]} bxc6 {[%emt 0:00:01]} 10. Bxc6 {[%emt 0:00:10]} Rb8 {[%emt 0:00:02]} 11. b3 {[%emt 0:01:33]} Bh3 {[%emt 0:01:22]} 12. Re1 {[%emt 0:16:40]} Ng4 {[%emt 0:05:44]} 13. Bb2 {[%emt 0:27:15]} Qb6 {[%emt 0:00:08]} 14. e3 {[%emt 0:00:42]} Bxc3 {[%emt 0:01:42]} 15. Bxc3 {[%emt 0:03:30]} Qxc6 {[%emt 0:00:03]} 16. e4 {[%emt 0:00:38]} Ne5 {[%emt 0:01:08]} 17. Re3 {[%emt 0:10:46]} f5 {[%emt 0:01:25]} 18. Qd5+ {[%emt 0:00:40]} Rf7 {[%emt 0:05:39]} 19. Bxe5 {[%emt 0:00:29]} Qxd5 {[%emt 0:00:05]} 20. exd5 {[%emt 0:00:11]} dxe5 {[%emt 0:00:05]} 21. Rxe5 {[%emt 0:00:16]} f4 {[%emt 0:01:59]} 22. Rae1 {[%emt 0:01:21]} fxg3 {[%emt 0:00:55]} 23. hxg3 {[%emt 0:00:13]} Kf8 {[%emt 0:01:17]} 24. f4 {[%emt 0:03:11]} h5 {[%emt 0:01:49]} 25. Kf2 {[%emt 0:00:18]} a5 {[%emt 0:03:47]} 26. d6 {[%emt 0:01:14]} a4 {[%emt 0:05:12]} 27. Rxe7 {[%emt 0:00:30]} axb3 {[%emt 0:01:05]} 28. axb3 {[%emt 0:00:12]} Rxb3 {[%emt 0:02:03]} 29. Rxf7+ {[%emt 0:00:18]} Kxf7 {[%emt 0:00:03]} 30. Re7+ {[%emt 0:00:15]} Kf6 {[%emt 0:06:04]} 31. c5 {[%emt 0:00:06]} Rb8 {[%emt 0:03:18]} 32. Ke3 {[%emt 0:01:26]} Be6 {[%emt 0:05:54]} 33. Rc7 {[%emt 0:00:47]} Rc8 {[%emt 0:01:31]} 34. d7 {[%emt 0:00:33]} Ra8 {[%emt 0:07:19]} 35. Ra7 {[%emt 0:00:21]} Rf8 {[%emt 0:02:06]} 36. c6 {[%emt 0:00:38]} Rb8 {[%emt 0:03:45]} 37. Kd4 {[%emt 0:00:32]} Rb4+ {[%emt 0:00:41]} 38. Kc5 {[%emt 0:00:17]} Rc4+ {[%emt 0:00:02]} 39. Kd6 {[%emt 0:00:22]} Rd4+ {[%emt 0:00:05]} 40. Kc7 {[%emt 0:00:43]} Ke7 {[%emt 0:00:09]} 41. Ra3 {[%emt 0:00:34]} Bxd7 {[%emt 0:02:10]} 42. cxd7 {[%emt 0:00:12]} Rc4+ {[%emt 0:01:27]} 43. Kb7 {[%emt 0:00:41]} Kxd7 {[%emt 0:00:03]} 44. Re3 {[%emt 0:00:36]} Rb4+ {[%emt 0:00:03]} 45. Ka6 {[%emt 0:00:16]} Kd6 {[%emt 0:01:27]} 46. Re5 {[%emt 0:00:33]} Ra4+ {[%emt 0:01:07]} 47. Kb7 {[%emt 0:00:31]} h4 {[%emt 0:04:09]} 48. gxh4 {[%emt 0:00:16]} Rb4+ {[%emt 0:00:03]} 49. Kc8 {[%emt 0:00:52]} Rc4+ {[%emt 0:00:02]} 50. Kb7 {[%emt 0:00:22]} Rxf4 {[%emt 0:00:08]} 51. Rg5 {[%emt 0:00:09]} Rxh4 {[%emt 0:00:03]} 1/2-1/2

[Event "Lozovatsky Memorial-B 2020"]
[Site "Chelyabinsk"]
[Date "2020.01.18"]
[Round "4.7"]
[White "Tologontegin, Semetey"]
[Black "Sitnikov, Anton"]
[Result "1/2-1/2"]
[WhiteElo "2355"]
[BlackElo "2406"]
[Annotator "ChessBase"]
[PlyCount "151"]
[EventDate "2020.01.15"]
[EventType "tourn"]
[EventCountry "RUS"]
[SourceTitle "playchess.com"]
[Source "ChessBase"]
[SourceQuality "1"]
[TimeControl "5400+30"]

1. e4 {[%emt 0:00:52]} d6 {[%emt 0:02:18]} 2. d4 {[%emt 0:00:13]} Nf6 {[%emt 0:00:09]} 3. Nc3 {[%emt 0:00:10]} Nbd7 {[%emt 0:00:10]} 4. Nf3 {[%emt 0:00:11]} e5 {[%emt 0:00:08]} 5. Bc4 {[%emt 0:00:08]} Be7 {[%emt 0:02:04]} 6. O-O {[%emt 0:01:08]} c6 {[%emt 0:00:12]} 7. a4 {[%emt 0:00:12]} h6 {[%emt 0:00:38]} 8. Re1 {[%emt 0:00:55]} Qc7 {[%emt 0:00:21]} 9. Ba2 {[%emt 0:01:20]} Nf8 {[%emt 0:01:58]} 10. Qd3 {[%emt 0:32:11]} Ng6 {[%emt 0:20:28]} 11. h3 {[%emt 0:00:34]} O-O {[%emt 0:00:30]} 12. Be3 {[%emt 0:00:44]} Bd7 {[%emt 0:12:20]} 13. a5 {[%emt 0:04:20]} Kh8 {[%emt 0:10:36]} 14. Red1 {[%emt 0:11:19]} b5 {[%emt 0:11:23]} 15. axb6 {[%emt 0:06:38]} axb6 {[%emt 0:00:42]} 16. dxe5 {[%emt 0:03:32]} dxe5 {[%emt 0:00:30]} 17. Bb3 {[%emt 0:00:30]} Rab8 {[%emt 0:18:42]} 18. Ra2 {[%emt 0:06:52]} Rb7 {[%emt 0:01:43]} 19. Rda1 {[%emt 0:00:50]} Bc8 {[%emt 0:07:03]} 20. Ra8 {[%emt 0:03:30]} b5 {[%emt 0:05:14]} 21. R1a7 {[%emt 0:00:52]} Rxa7 {[%emt 0:00:06]} 22. Rxa7 {[%emt 0:00:03]} Bb7 {[%emt 0:01:14]} 23. Nd2 {[%emt 0:05:36]} Kg8 {[%emt 0:01:26]} 24. Ne2 {[%emt 0:01:16]} Rd8 {[%emt 0:00:44]} 25. Qc3 {[%emt 0:00:05]} c5 {[%emt 0:00:52]} 26. Ng3 {[%emt 0:00:27]} Qb8 {[%emt 0:00:43]} 27. Qa5 {[%emt 0:01:23]} c4 {[%emt 0:00:08]} 28. Qxb5 {[%emt 0:01:25]} cxb3 {[%emt 0:00:30]} 29. Rxb7 {[%emt 0:00:06]} bxc2 {[%emt 0:00:20]} 30. Rxb8 {[%emt 0:01:00]} c1=Q+ {[%emt 0:00:07]} 31. Kh2 {[%emt 0:00:52]} Rxb8 {[%emt 0:01:23]} 32. Qxb8+ {[%emt 0:00:04]} Kh7 {[%emt 0:00:04]} 33. Qb7 {[%emt 0:06:01]} Kg8 {[%emt 0:01:07]} 34. Nf3 {[%emt 0:01:07]} Qc2 {[%emt 0:00:28]} 35. Nxe5 {[%emt 0:00:22]} Nxe5 {[%emt 0:00:28]} 36. Qb8+ {[%emt 0:00:04]} Bf8 {[%emt 0:00:09]} 37. Qxe5 {[%emt 0:00:04]} Qc6 {[%emt 0:00:17]} 38. Qd4 {[%emt 0:04:58]} Nd7 {[%emt 0:00:48]} 39. f4 {[%emt 0:01:31]} g6 {[%emt 0:00:20]} 40. e5 {[%emt 0:00:39]} Bc5 {[%emt 0:00:33]} 41. Qc4 {[%emt 0:00:18]} Qb6 {[%emt 0:00:04]} 42. Bxc5 {[%emt 0:00:36]} Nxc5 {[%emt 0:00:02]} 43. b4 {[%emt 0:01:02]} Ne6 {[%emt 0:00:02]} 44. f5 {[%emt 0:02:47]} Nd4 {[%emt 0:00:08]} 45. Qc8+ {[%emt 0:01:20]} Kg7 {[%emt 0:00:45]} 46. f6+ {[%emt 0:00:06]} Kh7 {[%emt 0:00:04]} 47. Qc5 {[%emt 0:00:18]} Qxc5 {[%emt 0:00:46]} 48. bxc5 {[%emt 0:00:04]} Nc6 {[%emt 0:00:03]} 49. e6 {[%emt 0:01:21]} fxe6 {[%emt 0:00:04]} 50. Ne4 {[%emt 0:00:06]} g5 {[%emt 0:00:24]} 51. Nd6 {[%emt 0:00:12]} Kg6 {[%emt 0:02:45]} 52. f7 {[%emt 0:00:09]} Kg7 {[%emt 0:00:02]} 53. Kg3 {[%emt 0:00:29]} Ne5 {[%emt 0:00:11]} 54. h4 {[%emt 0:02:58]} gxh4+ {[%emt 0:00:29]} 55. Kxh4 {[%emt 0:00:09]} Kf8 {[%emt 0:02:00]} 56. Kh5 {[%emt 0:00:56]} Kg7 {[%emt 0:00:06]} 57. g3 {[%emt 0:00:53]} Nc6 {[%emt 0:00:15]} 58. Kg4 {[%emt 0:00:32]} Ne5+ {[%emt 0:00:07]} 59. Kh5 {[%emt 0:00:17]} Nc6 {[%emt 0:00:06]} 60. f8=Q+ {[%emt 0:00:20]} Kxf8 {[%emt 0:00:07]} 61. Kxh6 {[%emt 0:00:04]} Ne5 {[%emt 0:02:04]} 62. Kh7 {[%emt 0:00:05]} Ng4 {[%emt 0:00:56]} 63. c6 {[%emt 0:00:51]} Nf6+ {[%emt 0:00:03]} 64. Kg6 {[%emt 0:00:15]} Nd5 {[%emt 0:00:05]} 65. Kg5 {[%emt 0:00:43]} Ke7 {[%emt 0:00:20]} 66. Nb5 {[%emt 0:00:47]} Kd8 {[%emt 0:00:38]} 67. g4 {[%emt 0:00:44]} e5 {[%emt 0:00:28]} 68. Kh4 {[%emt 0:00:23]} e4 {[%emt 0:00:36]} 69. Kg3 {[%emt 0:00:03]} Ke7 {[%emt 0:00:19]} 70. g5 {[%emt 0:00:57]} Ke6 {[%emt 0:00:47]} 71. c7 {[%emt 0:00:29]} Kd7 {[%emt 0:01:14]} 72. g6 {[%emt 0:00:07]} Ne7 {[%emt 0:00:07]} 73. Kf4 {[%emt 0:01:29]} Nxg6+ {[%emt 0:00:10]} 74. Kxe4 {[%emt 0:00:01]} Nf8 {[%emt 0:00:17]} 75. Kd5 {[%emt 0:00:16]} Ne6 {[%emt 0:00:07]} 76. Ke4 1/2-1/2

[Event "Lozovatsky Memorial-B 2020"]
[Site "Chelyabinsk"]
[Date "2020.01.18"]
[Round "4.8"]
[White "Simantsev, Mikhail"]
[Black "Ansat, Aldiyar"]
[Result "1/2-1/2"]
[WhiteElo "2370"]
[BlackElo "2263"]
[Annotator "ChessBase"]
[PlyCount "106"]
[EventDate "2020.01.15"]
[EventType "tourn"]
[EventCountry "RUS"]
[SourceTitle "playchess.com"]
[Source "ChessBase"]
[SourceQuality "1"]
[TimeControl "5400+30"]

1. d4 {[%emt 0:07:40]} Nf6 {[%emt 0:00:00]} 2. c4 {[%emt 0:00:05]} g6 {[%emt 0:00:00]} 3. Nc3 {[%emt 0:00:02]} Bg7 {[%emt 0:00:03]} 4. e4 {[%emt 0:00:02]} d6 {[%emt 0:00:08]} 5. h3 {[%emt 0:00:02]} O-O {[%emt 0:00:27]} 6. Nf3 {[%emt 0:00:01]} e5 {[%emt 0:00:24]} 7. d5 {[%emt 0:00:02]} a5 {[%emt 0:00:15]} 8. g4 {[%emt 0:00:14]} Na6 {[%emt 0:00:40]} 9. Be3 {[%emt 0:00:02]} Nd7 {[%emt 0:00:11]} 10. a3 {[%emt 0:00:08]} Nac5 {[%emt 0:00:09]} 11. Rg1 {[%emt 0:02:02]} a4 {[%emt 0:00:16]} 12. Nd2 {[%emt 0:00:15]} h6 {[%emt 0:00:26]} 13. Qc2 {[%emt 0:08:03]} Kh7 {[%emt 0:00:09]} 14. O-O-O {[%emt 0:01:06]} Bf6 {[%emt 0:25:31]} 15. Nf3 {[%emt 0:09:10]} Nb3+ {[%emt 0:02:38]} 16. Kb1 {[%emt 0:00:02]} Ndc5 {[%emt 0:00:18]} 17. Be2 {[%emt 0:04:41]} Bg7 {[%emt 0:14:23]} 18. h4 {[%emt 0:10:24]} Qe7 {[%emt 0:18:58]} 19. Ka2 {[%emt 0:28:19]} Bd7 {[%emt 0:07:24]} 20. Rg3 {[%emt 0:05:18]} Rg8 {[%emt 0:13:43]} 21. Qb1 {[%emt 0:07:43]} Raf8 {[%emt 0:05:12]} 22. Rdg1 {[%emt 0:07:23]} f5 {[%emt 0:02:04]} 23. gxf5 {[%emt 0:03:12]} gxf5 {[%emt 0:00:05]} 24. exf5 {[%emt 0:02:08]} Bxf5 {[%emt 0:00:26]} 25. Qd1 {[%emt 0:00:18]} Ne4 {[%emt 0:04:33]} 26. Nxe4 {[%emt 0:01:16]} Bxe4 {[%emt 0:00:01]} 27. Bd3 {[%emt 0:00:00]} Bxd3 {[%emt 0:01:26]} 28. Qxd3+ {[%emt 0:00:01]} e4 {[%emt 0:01:01]} 29. Qc2 {[%emt 0:00:02]} Bf6 {[%emt 0:02:36]} 30. Rg4 {[%emt 0:02:04]} Re8 {[%emt 0:00:46]} 31. h5 {[%emt 0:01:16]} Rxg4 {[%emt 0:00:16]} 32. Rxg4 {[%emt 0:00:01]} Bg7 {[%emt 0:00:50]} 33. Rg6 {[%emt 0:00:57]} Rf8 {[%emt 0:00:34]} 34. Re6 {[%emt 0:01:38]} Qf7 {[%emt 0:00:25]} 35. Nh4 {[%emt 0:00:57]} Qxh5 {[%emt 0:00:30]} 36. Qxe4+ {[%emt 0:00:01]} Kg8 {[%emt 0:00:03]} 37. f3 {[%emt 0:00:54]} Bf6 {[%emt 0:01:02]} 38. Nf5 {[%emt 0:00:43]} Kh8 {[%emt 0:00:34]} 39. Nd4 {[%emt 0:00:44]} Nc5 {[%emt 0:00:23]} 40. Qc2 {[%emt 0:00:30]} Nxe6 {[%emt 0:00:04]} 41. Nxe6 {[%emt 0:00:13]} Rg8 {[%emt 0:00:24]} 42. Qxa4 {[%emt 0:00:49]} Qxf3 {[%emt 0:00:25]} 43. Bxh6 {[%emt 0:00:30]} Qe2 {[%emt 0:01:00]} 44. Bc1 {[%emt 0:00:20]} Qf1 {[%emt 0:00:42]} 45. Qc2 {[%emt 0:00:39]} Rg2 {[%emt 0:00:20]} 46. Qa4 {[%emt 0:00:31]} Qxc1 {[%emt 0:00:26]} 47. Qe8+ {[%emt 0:00:09]} Kh7 {[%emt 0:00:30]} 48. Qh5+ {[%emt 0:00:37]} Kg8 {[%emt 0:00:44]} 49. Qe8+ {[%emt 0:00:03]} Kh7 {[%emt 0:00:02]} 50. Qh5+ {[%emt 0:00:04]} Qh6 {[%emt 0:00:25]} 51. Nf8+ {[%emt 0:00:04]} Kg7 {[%emt 0:00:46]} 52. Ne6+ {[%emt 0:00:03]} Kh7 {[%emt 0:00:44]} 53. Nf8+ {[%emt 0:00:02]} Kg7 {[%emt 0:00:28]} 1/2-1/2

[Event "Lozovatsky Memorial-B 2020"]
[Site "Chelyabinsk"]
[Date "2020.01.18"]
[Round "4.9"]
[White "Nugumanov, Bakhtiyar"]
[Black "Scherbakov, Mikhail"]
[Result "1-0"]
[WhiteElo "2389"]
[BlackElo "2232"]
[Annotator "ChessBase"]
[PlyCount "139"]
[EventDate "2020.01.15"]
[EventType "tourn"]
[EventCountry "RUS"]
[SourceTitle "playchess.com"]
[Source "ChessBase"]
[SourceQuality "1"]
[TimeControl "5400+30"]

1. e4 {[%emt 0:00:00]} c5 {[%emt 0:10:10]} 2. Nf3 {[%emt 0:00:40]} g6 {[%emt 0:00:21]} 3. d4 {[%emt 0:03:02]} cxd4 {[%emt 0:00:19]} 4. Nxd4 {[%emt 0:00:15]} Nc6 {[%emt 0:00:20]} 5. Nc3 {[%emt 0:00:13]} Bg7 {[%emt 0:00:22]} 6. Be3 {[%emt 0:00:20]} Nf6 {[%emt 0:02:05]} 7. Nxc6 {[%emt 0:02:31]} bxc6 {[%emt 0:00:33]} 8. e5 {[%emt 0:00:07]} Ng8 {[%emt 0:00:06]} 9. Bd4 {[%emt 0:00:30]} Qc7 {[%emt 0:00:18]} 10. e6 {[%emt 0:00:49]} Nf6 {[%emt 0:01:06]} 11. exd7+ {[%emt 0:01:32]} Bxd7 {[%emt 0:00:57]} 12. Bc4 {[%emt 0:00:37]} O-O {[%emt 0:01:53]} 13. Qe2 {[%emt 0:01:44]} Nd5 {[%emt 0:07:02]} 14. Bxg7 {[%emt 0:04:23]} Kxg7 {[%emt 0:00:09]} 15. Bxd5 {[%emt 0:13:57]} cxd5 {[%emt 0:00:11]} 16. Nxd5 {[%emt 0:00:49]} Qa5+ {[%emt 0:00:13]} 17. Qd2 {[%emt 0:01:51]} Qxd2+ {[%emt 0:02:20]} 18. Kxd2 {[%emt 0:00:01]} Bc6 {[%emt 0:00:45]} 19. Ne3 {[%emt 0:00:37]} f5 {[%emt 0:03:51]} 20. f3 {[%emt 0:01:50]} Rfd8+ {[%emt 0:02:53]} 21. Kc1 {[%emt 0:08:07]} f4 {[%emt 0:06:16]} 22. Ng4 {[%emt 0:00:47]} Bd7 {[%emt 0:02:40]} 23. Ne5 {[%emt 0:05:43]} Bf5 {[%emt 0:00:12]} 24. Re1 {[%emt 0:03:28]} Rd5 {[%emt 0:06:54]} 25. b3 {[%emt 0:02:29]} Kf6 {[%emt 0:02:30]} 26. Nc4 {[%emt 0:01:24]} g5 {[%emt 0:15:11]} 27. Kb2 {[%emt 0:01:20]} h5 {[%emt 0:01:12]} 28. Re2 {[%emt 0:01:27]} e5 {[%emt 0:01:16]} 29. Rae1 {[%emt 0:01:44]} Re8 {[%emt 0:00:09]} 30. Rd2 {[%emt 0:06:47]} Red8 {[%emt 0:01:01]} 31. Red1 {[%emt 0:04:29]} Ke6 {[%emt 0:02:23]} 32. Rxd5 {[%emt 0:02:14]} Rxd5 {[%emt 0:00:08]} 33. Re1 {[%emt 0:00:37]} g4 {[%emt 0:00:51]} 34. Kc3 {[%emt 0:02:14]} h4 {[%emt 0:00:40]} 35. fxg4 {[%emt 0:03:55]} Bxg4 {[%emt 0:00:21]} 36. Rf1 {[%emt 0:04:12]} Be2 {[%emt 0:04:03]} 37. Rf2 {[%emt 0:00:14]} Bxc4 {[%emt 0:00:12]} 38. bxc4 {[%emt 0:04:10]} Rd8 {[%emt 0:00:09]} 39. c5 {[%emt 0:02:47]} h3 {[%emt 0:00:38]} 40. g3 {[%emt 0:05:03]} fxg3 {[%emt 0:00:39]} 41. hxg3 {[%emt 0:00:02]} Rh8 {[%emt 0:00:13]} 42. Rh2 {[%emt 0:00:42]} Kd5 {[%emt 0:01:38]} 43. Kd3 {[%emt 0:00:22]} e4+ {[%emt 0:01:27]} 44. Ke3 {[%emt 0:00:07]} Ke5 {[%emt 0:00:03]} 45. g4 {[%emt 0:01:00]} a5 {[%emt 0:01:02]} 46. c6 {[%emt 0:02:03]} Rh7 {[%emt 0:01:21]} 47. c4 {[%emt 0:01:44]} a4 {[%emt 0:01:29]} 48. a3 {[%emt 0:01:19]} Rh6 {[%emt 0:02:35]} 49. c7 {[%emt 0:00:58]} Rc6 {[%emt 0:00:03]} 50. Rxh3 {[%emt 0:00:22]} Rxc4 {[%emt 0:02:37]} 51. Rh5+ {[%emt 0:00:14]} Kd6 {[%emt 0:00:08]} 52. Rh7 {[%emt 0:00:28]} Ke5 {[%emt 0:01:28]} 53. Re7+ {[%emt 0:00:46]} Kf6 {[%emt 0:00:06]} 54. Rxe4 {[%emt 0:01:56]} Rxc7 {[%emt 0:00:04]} 55. Rxa4 {[%emt 0:01:23]} Kg5 {[%emt 0:00:08]} 56. Kd3 {[%emt 0:00:16]} Rc1 {[%emt 0:00:59]} 57. Rc4 {[%emt 0:01:48]} Ra1 {[%emt 0:01:14]} 58. a4 {[%emt 0:00:01]} Ra3+ {[%emt 0:00:05]} 59. Kc2 {[%emt 0:00:12]} Kf6 {[%emt 0:00:19]} 60. Kb2 {[%emt 0:00:02]} Rd3 {[%emt 0:01:17]} 61. a5 {[%emt 0:00:15]} Rd6 {[%emt 0:00:28]} 62. Ra4 {[%emt 0:00:25]} Ra6 {[%emt 0:00:18]} 63. Kb3 {[%emt 0:00:43]} Ke6 {[%emt 0:00:31]} 64. Kc4 {[%emt 0:00:16]} Kd6 {[%emt 0:00:04]} 65. Kb5 {[%emt 0:00:32]} Ra8 {[%emt 0:00:14]} 66. a6 {[%emt 0:00:23]} Kc7 {[%emt 0:01:11]} 67. Rc4+ {[%emt 0:00:20]} Kd7 {[%emt 0:00:29]} 68. g5 {[%emt 0:00:46]} Rb8+ {[%emt 0:01:02]} 69. Ka5 {[%emt 0:00:18]} Ra8 {[%emt 0:00:12]} 70. g6 {[%emt 0:00:15]} 1-0